1679 1285 1177 1962 1366 1243 1298 1697 1545 1018 1642 1855 1185 1403 1288 1296 1073 1872 1820 1910 1628 1906 1049 1309 1753 1838 1061 1483 1099 1533 1893 1355 1411 1216 1060 1417 1279 1613 1925 1925 1250 1072 1455 1558 1443 1943 1920 1301 1524 1562 1644 1271 1302 1252 1808 1905 1940 1370 1534 1949 1019 1312 1188 1270 1131 1296 1813 1699 1452 1341 1128 1318 1223 1462 1616 1735 1301 1574 1661 1201 1677 1568 1064 1603 1219 1777 1190 1415 1782 1170 1287 1033 1953 1077 1451 1406 1776 1617 1241 BCNSPRNW ULIB Ver.6.0+V

เปลี่ยนเป็นภาษาไทย

Change to English
 แสดงรายละเอียดบรรณานุกรม
  กลับหน้าหลัก

Brief Record : Get Marc (ISO 2709) : E-mail record : QR code < ปิดหน้าต่าง
LEADER : 00000nam 2200000uu 4500
001    13399129151
003     ULIB
008    250721s||||||||th 000 0 tha d
020    ^a9789740332244
050  4 ^aQA278.7^bส698ส
100 0  ^aสำราญ มีแจ้ง
245 1  ^aสถิติขั้นสูงสำหรับการวิจัย :^bทฤษฎีและปฎิบัติ /^cสำราญ มีแจ้ง
250    ^aพิมพ์ครั้งที่ 2.
260    ^aกรุงเทพฯ :^bสำนักพิมพ์แห่งจุฬาลงกรณ์มหาวิทยาลัย,^c2567.
300    ^a532 หน้า :^bภาพประกอบ
505 0  ^aทบทวนสหสัมพันธ์และการวิเคราะห์การถดถอยอย่างง่าย -- การวิเคราะห์การถดถอยพหุคูณ -- การวิเคราะห์เส้นทาง -- การทดสอบความแตกต่างระหว่างกลุ่มในกรณีที่มีตัวแปรหลายตัว -- การวิเคราะห์ความแปรปรวนพหุคูณ -- การวิเคราะห์การจำแนกพหุ -- การวิเคราะห์กลุ่ม -- การวิเคราะห์จำแนกประเภท -- การวิเคราะห์สหสัมพันธ์คาโนนิคอล -- การวิเคราะห์องค์ประกอบ -- การวิเคราะห์พหุระดับ -- การวิเคราะห์สมการถดถอยโลจิสติก
505 2  ^aทบทวนสหพันธ์และการวิเคราะห์การถดถอยอย่งง่าย -- การวิเคราะห์กรถดถอยพหุคูณ -- การวิเคราะห์เส้นทาง -- การทดสอบความแตกต่างระหว่างกลุ่มในกรณีที่มีตัวแปรหลายตัว -- การวิเคราะห์ความแปรปรวนพหุคูณ -- การวิเคราะห์การจำแนกพหุ -- การวิเคราะห์กลุ่ม -- การวิเคราะห์จำแนกประเภท -- การวิเคราะห์สหพันธ์คาโนนิคอล -- การวิเคราะห์องค์ประกอบ -- การวิเคราะห์พหุระดับ -- การวิเคราะห์สมการถอถอยโลจิสติก.
650  0 ^aMathematical statistics
650  0 ^aStatistics
650  4 ^aการวิเคราะห์การถดถอย
650  4 ^aการวิเคราะห์ความแปรปรวน
650  4 ^aการวิเคราะห์ตัวแปรพหุ
650  4 ^aสถิติวิเคราะห์
650  7 ^aคณิตศาสตร์สถิติ
650  7 ^aสถิติ
650  7 ^aสถิติ^2tshd
650  7 ^aสถิติวิเคราะห์^2tshd
945    ^p510^l0^i30586
945    ^p510^l0^i30587
999    ^aกัณชพร จุลอักษร
รายการนี้ยังไม่มีแท็ก
คุณยังไม่ได้ล็อกอิน คุณสามารถมีกิจกรรมร่วมกับเว็บไซต์ได้ แต่ต้องล็อกอินก่อน ::
  ล็อกอิน

รายการสื่อสารสนเทศ

ลำดับที่ ประเภท เลขเรียก/บาร์โค้ด สถานที่ สถานะ
1. หนังสือสำรอง
หนังสือสำรอง
QA278.7 ส698ส ฉ.1 
  Barcode: 30586
ห้องสมุดวิทยาเขตนครสวรรค์
►หนังสือทั่วไป:l:General Books
บนชั้น
2. วิทยาศาสตร์การแพทย์ และสุขภาพ
วิทยาศาสตร์การแพทย์ และสุขภาพ
QA278.7 ส698ส ฉ.2 
  Barcode: 30587
ห้องสมุดวิทยาเขตนครสวรรค์
►หนังสือทั่วไป:l:General Books
บนชั้น

รายการใกล้เคียง
    ผู้แต่ง [สำราญ มีแจ้ง]

    หัวเรื่อง [Mathematical statistics]
    หัวเรื่อง [Statistics]
    หัวเรื่อง [การวิเคราะห์การถดถอย]
    หัวเรื่อง [การวิเคราะห์ความแปรปรวน]
    หัวเรื่อง [การวิเคราะห์ตัวแปรพหุ]
    หัวเรื่อง [สถิติวิเคราะห์]
    หัวเรื่อง [คณิตศาสตร์สถิติ]
    หัวเรื่อง [สถิติ]

BibComment


ยังไม่เคยถูกคอมเมนท์

คอมเมนท์ทรัพยากรรายการนี้
  คอมเมนท์: สถิติขั้นสูงสำหร..


 Copyright 2026. Bcnsprnw @Library